| 000 | 01252nam a2200277 i 4500 | ||
|---|---|---|---|
| 001 | 37637 | ||
| 003 | ES-MaACL | ||
| 005 | 20250831122123.0 | ||
| 007 | t| | ||
| 008 | 151210s2011 sp ||||1| spa d | ||
| 020 | _a978-84-8154-297-4 | ||
| 080 | _a070 Cabanillas, Alfredo (060.64) | ||
| 080 | _a929 Cabanillas, Alfredo (060.64) | ||
| 245 | 0 | 0 |
_aAlfredo Cabanillas Blanco, 1894-1979 : _bvivencias de un periodista republicano / _cFrancisco Durán Alcalá, Mª del Carmen Ruiz Barrientos, [comisariado ; textos, Francisco Durán Alcalá, Carmen Ruiz Barrientos]. |
| 260 |
_a[Córdoba] : _bDiputación Provincial de Córdoba : _bPatronato Municipal Niceto Alcalá-Zamora, _cD.L. 2011. |
||
| 300 |
_a549 p. : _bprincipalmente il. col. y n. ; _c26 cm. |
||
| 600 | 1 | 4 |
_aCabanillas, Alfredo, _d1894-1979 _933142 |
| 700 | 1 |
_aDurán Alcalá, Francisco. _9145760 |
|
| 700 | 1 |
_aRuiz Barrientos, Carmen. _9158335 |
|
| 710 | 2 |
_aPatronato Municipal Niceto Alcalá-Zamora y Torres. _9158329 |
|
| 852 |
_aES-MaACL _jA-13473 _939005 _bR.150838 _cDEPO1 _dOlim: N-6473 _hDonación: Real Academia Española |
||
| 914 |
_96336 _aReal Academia Española _ednr |
||
| 942 |
_2udc _cMONOGRAFIA |
||
| 999 |
_c37637 _d37637 |
||